000 00751cam a22002414a 4500
001 14424668
005 20171228045252.0
008 060622s2006 xxua b 001 0 eng
010 _a 2005907863
020 _a097090570X (hbk.)
040 _aDLC
_cDLC
_dDLC
041 _aeng
080 _a574 AND
082 _a574 AND
100 1 _a9
101 _aMJE
245 1 0 _aEnvironmental economics :
_cDavid A. Anderson.
246 1 _iTitle on t.p. verso:
_aEnvironmental economics and natural resource management
504 _aIncludes bibliographical references and index.
906 _a7
_bcbc
_corignew
_d3
_encip
_f20
_gy-gencatlg
942 _2ddc
_cBK
999 _c39534
_d39534